000164546 001__ 164546 000164546 005__ 20251203145552.0 000164546 037__ $$aTAZ-TFG-2025-4163 000164546 041__ $$aspa 000164546 1001_ $$aLópez-Blanco Díaz, Carlota 000164546 24200 $$aAnalysis of the Validity of Okun’s Law in Spain (2002–2025) 000164546 24500 $$aAnálisis de la vigencia de la Ley de Okun en España (2002–2025) 000164546 260__ $$aZaragoza$$bUniversidad de Zaragoza$$c2025 000164546 506__ $$aby-nc-sa$$bCreative Commons$$c3.0$$uhttp://creativecommons.org/licenses/by-nc-sa/3.0/ 000164546 520__ $$aLa Ley de Okun establece una relación inversa entre el desempleo y la expansión económica, lo que la convierte en una de las regularidades empíricas más significativas de la macroeconomía. Desde que Okun publicó su trabajo seminal en 1962, que calculaba que una disminución del uno por ciento en el índice de desempleo de Estados Unidos requería un aumento extra del tres por ciento en el PIB real, se han llevado a cabo muchos estudios para investigar la estabilidad y la validez de esta relación en distintos contextos nacionales.<br /> Este estudio examina la aplicación de la Ley de Okun en España entre 2002 y 2025, un período marcado por la alternancia entre fases de expansión, la Gran Recesión y una crisis provocada por el COVID-19. Se proyecta un modelo en diferencias usando Mínimos Cuadrados Ordinarios, apoyado con especificaciones dinámicas exploratorias (DL y ARDL), a partir de información trimestral proporcionada por el INE. El análisis econométrico se basa en comparaciones de hipótesis y en el uso de errores estándar robustos.<br /> Los hallazgos indican que, a pesar de que el coeficiente de Okun tiene el signo esperado, no es estadísticamente significativo en la especificación base. Por otro lado, la variable ficticia relacionada con la pandemia muestra un impacto notable y claro en el comportamiento del desempleo. Estos descubrimientos indican que la Ley de Okun todavía es un instrumento eficaz para describir cómo interactúan el desempleo y el crecimiento en España; sin embargo, su magnitud depende de manera crucial de factores estructurales del mercado laboral y de choques extraordinarios.<br /><br /> 000164546 521__ $$aGraduado en Administración y Dirección de Empresas 000164546 540__ $$aDerechos regulados por licencia Creative Commons 000164546 691__ $$a0 000164546 692__ $$a 000164546 700__ $$aOlloqui Cuartero, Luisa Irene$$edir. 000164546 7102_ $$aUniversidad de Zaragoza$$bAnálisis Económico$$c 000164546 8560_ $$f815101@unizar.es 000164546 8564_ $$s1043080$$uhttps://zaguan.unizar.es/record/164546/files/TAZ-TFG-2025-4163.pdf$$yMemoria (spa) 000164546 909CO $$ooai:zaguan.unizar.es:164546$$pdriver$$ptrabajos-fin-grado 000164546 950__ $$a 000164546 951__ $$adeposita:2025-12-03 000164546 980__ $$aTAZ$$bTFG$$cECON 000164546 999__ $$a20250905183723.CREATION_DATE